000 00493nam a2200157 i 4500
001 92298
003 ES-MaACL
007 t|
008 050224s1964 sp ||||1| spa d
100 1 _aLicht, Sidney.
_972182
245 1 0 _aTerapéutica por el ejercicio /
_cobra dirigida por Sidney Licht; asistido por Ernest W. Tohnson.
260 _aBarcelona :
_bSalvat,
_c[1964]
300 _aXII, 662 p. :
_bil. ;
_c29 cm.
700 1 _aTohnson, Ernest W.
_9110428
852 _aES-MaACL
_jE-668
_bR.56504
999 _c92298
_d92298